000 00350nam a22001097a 4500
082 _a160
100 _aPatel, Aditya
_981671
245 _aतर्कशक्ति Verbal and Non-Verbal REASONING
_bसम्‍पूर्ण क्‍लास नोट्स
260 _aIndore
_bWinners Publications
_c2023
650 _aReasoning
942 _cHIN
999 _c66483
_d66483